000 00397nam a2200157Ia 4500
003 LK-CoDNM
008 010623t1840 xxu||||| |||| 00| 1 eng d
040 _aLK-CoDNM
_dLK-CoDNM
_eLK-CoDNM
041 _aeng
080 _a12 F 10
100 _aBanks,J.
245 _aDictionary of the English and Russian Languages
260 _bSemen Press
_aMoscow
_c1840
300 _b736p., 20 cm
942 _cBK
999 _c81172
_d81172